Ακμή και παρακμή της πρωτόγονης κομμουνιστικής κοινωνίας
Saved in:
| Main Author: | |
|---|---|
| Format: | Book |
| Language: | Greek |
| Published: |
Αθήνα :
Δ. Κορόντζης,
1976
|
| Subjects: | |
| Tags: |
Add Tag
No Tags, Be the first to tag this record!
|
MARC
| LEADER | 00000nam a2200000 i 4500 | ||
|---|---|---|---|
| 001 | 1/85367 | ||
| 008 | 961021s1976 gre d | ||
| 035 | |l 10006242 | ||
| 040 | |a GR-MY-UA |b gre |e aacr | ||
| 041 | 0 | |a gre | |
| 082 | 0 | |a 306.3 | |
| 100 | 1 | |a Luxemburg, Rosa |d 1871-1919. | |
| 245 | 1 | 0 | |a Ακμή και παρακμή της πρωτόγονης κομμουνιστικής κοινωνίας / |c Ρόζα Λούξμπουργκ |
| 260 | |a Αθήνα : |b Δ. Κορόντζης, |c 1976 | ||
| 300 | |a 191 σ. | ||
| 650 | 0 | 0 | |a Primitive societies. |
| 650 | 0 | 0 | |a Economic anthropology. |
| 650 | 0 | 0 | |a Communism and society. |
| 852 | |a INST |b LESVOS |e 19961021 |h 306.3 LUX |p 005100008972 |q 005100008972 |t BK |y 0 | ||
| 909 | |a Λ |b 008987 | ||